The merriam-webster thesaurus : The words you need today

The book contains more than 150,000 words, including related words, antonyms and near antonyms. Words are arranged in alphabetical order for ease of use, this book is great for home, school or work

Na minha lista:
Detalhes bibliográficos
Autor principal: Webster, A Merriam
Formato: Livro
Idioma:Vietnamese
Publicado em: Springfield, Massachusetts Merriam-Webster 1989
Assuntos:
Tags: Adicionar Tag
Sem tags, seja o primeiro a adicionar uma tag!
Thư viện lưu trữ: Thư viện Trường Đại học Nam Cần Thơ
LEADER 00918nam a22001937a 4500
001 NCT_151749
008 230609b xxu||||| |||| 00| 0 vie d
999 |c 7849  |d 7849 
020 |a 0877799024  |c 145.50 
082 0 4 |2 23rd ed.  |a 423.12  |b W385 
100 1 |a Webster, A Merriam 
245 1 0 |a The merriam-webster thesaurus  |b : The words you need today  |c A Merriam Webster 
260 |a Springfield, Massachusetts  |b Merriam-Webster  |c 1989 
300 |a 648 p.  |c 17cm 
520 3 |a The book contains more than 150,000 words, including related words, antonyms and near antonyms. Words are arranged in alphabetical order for ease of use, this book is great for home, school or work 
653 |a Cơ bản 
942 |2 ddc  |c BK 
952 |0 0  |1 0  |2 ddc  |4 0  |6 423_120000000000000_W385  |7 0  |9 27844  |a 000001  |b 000001  |d 2023-06-09  |o 423.12 W385  |p MD.21883  |r 2023-06-09  |v 145.50  |w 2023-06-09  |y BK 
980 |a Thư viện Trường Đại học Nam Cần Thơ